00286 a2200109 4500001000700000020000600007040001100013100002000024240006400044245005900108362000900167171125 a  cMagnum aWerthein, Jorge10aConstrucao e identidade: as ideias da unesco no brasillpor10aConstrucao e identidade: as ideias da unesco no brasil0 a1899